00631nam a2200193Ia 4500008004100000020001400041082001500055100002000070245002600090250000800116260004500124300003000169500001900199600002100218650005000239942000700289952012600296999001500422240925s9999 xx 000 0 und d a764570110 a005.43 REI aReichard, Kevin 0aUnix in Plain English a3rd aCalifornia:bIDG Books Worldsidec,1999. axxxi,555p.bNAfPhotocopy aIncludes Index aComputer Science aComputer science, information & general works cBK 001040708CSaUITUbUITUd2000-02-28eMr..Mohiuoding2230.00l0o005.43 REIpQ2182r2024-09-25 07:12:41w2024-09-25yBK c4681d4681